Madrid, castillos y plazas fuertes / (Record no. 189773)

MARC details
000 -LEADER
campo de control de longitud fija 01115nam a2200229 i 4500
001 - NÚMERO DE CONTROL
campo de control 189773
003 - IDENTIFICADOR DE NÚMERO DE CONTROL
campo de control ES-MaACL
005 - FECHA Y HORA DE LA ÚLTIMA TRANSACCIÓN
campo de control 20251005063142.0
008 - DATOS DE LONGITUD FIJA--INFORMACIÓN GENERAL
campo de control de longitud fija 191118s1989 sp af |||| | spa d
020 ## - NÚMERO INTERNACIONAL ESTÁNDAR DEL LIBRO
Número Internacional Estándar del Libro 84-87447-00-7
100 1# - ENTRADA PRINCIPAL--NOMBRE DE PERSONA
Nombre de persona Merino, Daniel,
Fechas asociadas al nombre 1941-
9 (RLIN) 168771
245 10 - MENCIÓN DEL TÍTULO
Título Madrid, castillos y plazas fuertes /
Mención de responsabilidad, etc. [textos, María Isabel Pérez de Tudela y Velasco ; ilustraciones, Daniel Merino].
260 ## - PUBLICACIÓN, DISTRIBUCIÓN, ETC.
Lugar de publicación, distribución, etc. Alicante :
Nombre del editor, distribuidor, etc. Rembrandt Editions,
Fecha de publicación, distribución, etc. 1989.
300 ## - DESCRIPCIÓN FÍSICA
Extensión 1 carpeta ([5] h. de lám. col. pleg., [10] p., [5] h. de lám. col.) ;
Dimensiones 46 x 35 cm.
505 8# - NOTA DE CONTENIDO CON FORMATO
Nota de contenido con formato Contiene: ;
Título El castillo de Calatalifa ;
-- El castillo de Casasola ;
-- El castillo de Odón ;
-- El castillo de la Alameda ;
-- La fortaleza de Chinchón ;
-- [Alcalá de Henares: 1 lám.]
599 ## - NOTA A LAS ILUSTRACIONES
NOTA A LAS ILUSTRACIONES Con 5 aguafuertes originales, numerados y firmados por Daniel Merino.
650 04 - PUNTO DE ACCESO ADICIONAL DE MATERIA--TÉRMINO DE MATERIA
Término de materia o nombre geográfico como elemento de entrada Castillos-
Subdivisión geográfica Madrid (Comunidad Autónoma)
9 (RLIN) 10833
650 #4 - PUNTO DE ACCESO ADICIONAL DE MATERIA--TÉRMINO DE MATERIA
Término de materia o nombre geográfico como elemento de entrada Fortificaciones-
Subdivisión geográfica Madrid (Comunidad Autónoma)
9 (RLIN) 168772
700 1# - ENTRADA AGREGADA--NOMBRE PERSONAL
Nombre de persona Pérez de Tudela y Velasco, María Isabel
9 (RLIN) 90811
852 ## - LOCALIZACIÓN
Ubicación ES-MaACL
Número de control de estantería GF-100
Holdings
Estatus retirado Estado de pérdida Estado de daño No para préstamo Biblioteca de origen Biblioteca actual Ubicación en estantería Fecha de adquisición Fuente de adquisición Total de préstamos Signatura topográfica completa Código de barras Visto por última vez Precio de reemplazo Tipo de ítem Koha
        Biblioteca del Ateneo de Madrid Biblioteca del Ateneo de Madrid Depósito 2 18/11/2019     GF-100 1201258 23/02/2023 23/02/2023 Libro impreso